| 000 | 00992nam a2200241Ia 4500 | ||
|---|---|---|---|
| 003 | Ost | ||
| 005 | 20260507075052.0 | ||
| 008 | 260507s9999||||xx |||||||||||||| ||und|| | ||
| 020 | _a977212064X | ||
| 040 | _cfsecg | ||
| 041 | _aara | ||
| 082 | _a658.02 | ||
| 100 |
_aالمصري، أحمد محمد _eمؤلف |
||
| 245 | 0 |
_aإدارة الفنادق / _c أحمد محمد المصري |
|
| 260 |
_aالاسكندرية: _bمؤسسة شباب الجامعة, _c1998 |
||
| 300 |
_a100 صفحة؛ _bإيضاحات ؛ _c24 سم |
||
| 490 | _aإدارة المنشآت المتخصصة | ||
| 504 | _aالمراجع ص.97 | ||
| 520 | _aالقواعد العامة للادارة، ادارة الفنادق، أنواع الفنادق، التنظيم الداخلي للفندق، العمالة في الفنادق، أهم المشاكل التي تواجه ادارة الفنادق | ||
| 653 | _aالسياحة | ||
| 653 | _aالفنادق، الادارة | ||
| 942 | _cكتاب | ||
| 999 |
_c42680 _d42680 |
||